Životná úroveň v regiónoch

Kde sa žije lepšie. Nezamestnanosť a platy nehovoria všetko - hlbšie do štatistík. Hladové doliny. (Ne)bohatí Bratislavčania. Ani najchudobnejší Prešovský kraj nezaostáva vo vybavenosti domácností. Čierna práca. Zmeny v správaní ľudí. Čo o kvalite života hovoria štatistiky o samovraždách a deťoch v...

Descrizione completa

Salvato in:
Dettagli Bibliografici
Natura: Capitolo di libro
Lingua:slovacco
Soggetti:
Tags: Aggiungi Tag
Nessun Tag, puoi essere il primo ad aggiungerne!!

MARC

LEADER 00000naa$a2200000$$$4500
001 0053608
005 20231009072842.8
041 0 |a slo 
044 |a SK 
245 1 0 |a Životná úroveň v regiónoch 
520 |a Kde sa žije lepšie. Nezamestnanosť a platy nehovoria všetko - hlbšie do štatistík. Hladové doliny. (Ne)bohatí Bratislavčania. Ani najchudobnejší Prešovský kraj nezaostáva vo vybavenosti domácností. Čierna práca. Zmeny v správaní ľudí. Čo o kvalite života hovoria štatistiky o samovraždách a deťoch v detských domovoch. 
610 2 0 |a regióny 
610 2 0 |a Slovensko 
610 2 0 |a úroveň životná 
610 2 0 |a podmienky životné 
610 2 0 |a vybavenosť domácností 
610 2 0 |a nezamestnanosť 
610 2 0 |a mzdy 
610 2 0 |a práca nelegálna 
610 2 0 |a správanie sociálne